000 00327 a2200145 4500
001 169585
020 _a
040 _cMagnum
100 _aLowenfeld, Viktor
240 1 0 _aDesarrollo de la capacidad creadora
_lESP
245 1 0 _aDesarrollo de la capacidad creadora
362 0 _a1899
697 _aPSICOLOGIA
942 _cBK
999 _c169585
_d169585